Etiqueta de registo: 00000nam 2200025 450
001 2015776
003 http://id.bnportugal.gov.pt/bib/catbnp/2015776
010 ## $a978-989-54303-2-1
021 ## $aPT$b450112/18
100 ## $a20190227d2018 e y0pory01030103ba
101 0# $apor
102 ## $aPT
105 ## $ay z 000gy
106 ## $ar
200 1# $aOlhares dispersos$fJu Andrade$gil. Maria da Conceição Afonso
205 ## $a1ª ed
210 #9 $a[S.l.]$cModocromia,$d2018
215 ## $a59, [1] p.$d22 cm
675 ## $a821.134.3-1"20"$vBN$zpor$31023893
700 #1 $aAndrade,$bJu$31377809
702 #1 $aAfonso,$bMaria da Conceição$4440$31745781
801 #0 $aPT$bBN$gRPC
856 41 $uhttp://rnod.bnportugal.gov.pt/ImagesBN/winlibimg.aspx?skey=&doc=2015776&img=121949&save=true
900 ## $aBIBNAC$d20190318
966 ## $lBN$mFGMON$sL. 147140 V.$x1
966 ## $lBN$mFGMON$sL. 147140 V.-D$x1